3 indices - 1 sportif·ive - Statistiques

Statistiques générales
  • Ce quiz a été pris 231 fois
  • Le résultat moyen est 6 sur 10
Statistiques - réponses
Hint Réponse % Correct
Girondins de Bordeaux - Ballon d'Or - Paneka Zidane
82%
KingLewis - Mercedes - 7 Hamilton
81%
Spurs - MVP des finales - TP Parker
81%
JO d'Athénes - Nage libre - Philippe Lucas Manaudou
76%
The Greatest - Le combat du siècle - Boxe Ali
73%
Médaille d'or Olympique - Stade Toulousain - Ministre de l'intérieur Dupont
60%
Canal Football Club - PSG - Retraitée en 2017 Boulleau
48%
3 médailles d'or - La Divine - Flame Olympique Pérec
46%
Bataille des Sexes - WTA - Cup Jean King
4%
Belge - Victoire Paris-Roubaix 2024 - Maillot arc en ciel en 2024 Kopecky
2%
Aucun quiz correspondant
Distribution des résultats
% des personnes avec chaque résultat
Percentile par nombre de réponses
Votre historique - résultats
Vous n’avez pas pris ce quiz